000
00324nam a2200133 a 4500
005
20140414093838.0
008
110322s19uu xx uuu eng d
050
_a
CT
_b
WOR 1998
245
_a
Workout aerobics.
260
_a
Philippines :
_b
Galaxy Records,
_c
1998.
650
_a
Aerobics
942
_c
AVM
999
_c
109141
_d
109141